| 000 | 01317nam a2200301 i 4500 | ||
|---|---|---|---|
| 001 | 157373 | ||
| 003 | ES-MaACL | ||
| 005 | 20251013181301.0 | ||
| 008 | 980916 1774 af |||| | fre d | ||
| 040 |
_aCYL _bspa _cCYL |
||
| 100 | 1 |
_aLe Monnier, Pierre-Charles, _d1715-1799 _9153982 |
|
| 245 | 1 | 0 |
_aDescription et usage des principaux instruments d' astronomie / _c[par M. Le Monnier]. |
| 260 |
_a[S.l. : _bs.n.], _c1774. |
||
| 300 |
_aIV, 60 p., 14 h. de grab. pleg. : _bil. ; _cFol. (41 cm) |
||
| 490 | 1 | _aDescriptions des arts et métiers faites ou approuvées par Messieurs de l'Académie Royale des Sciences | |
| 530 | _aDisponible en formato digital. | ||
| 594 | _aTít. y autor tomados de prelim. | ||
| 596 | _aFecha tomada de antep. | ||
| 597 | _aSign.: []2, A-P2. | ||
| 599 | _aLas h. de grab. calc.: "Goussier del., Bernard sculp." agrupadas al final del texto. | ||
| 650 | 7 |
_aAstronomía- _xAparatos e instrumentos _2 _9170203 |
|
| 700 | 1 |
_aGoussier, Louis-Jacques ( _d1722-1799) _9153983 |
|
| 700 | 1 |
_aBénard, Robert, _d1734-17.. _9153984 |
|
| 830 | 0 | 0 |
_aDescriptions des arts et métiers _9241750 |
| 852 |
_aES-MaACL _jR-52(3) _z- Enc. hol. _x Olim: C-10827-70 |
||
| 856 |
_uhttp://gallica.bnf.fr/ark:/12148/bpt6k1067618r?rk=21459;2 _zBNF-Gallica |
||
| 999 |
_c157373 _d157373 |
||